000 00548nam a22001817a 4500
005 20251108165322.0
008 250721s1986 xx 000 0 ara d
082 1 4 _a634.09564/فرا
100 1 _aصوالحه، فراس
245 1 0 _aمشاتل الأشجار المثمرة في الضفة الغربية /
264 1 _aنابلس :
_bجامعة النجاح الوطنية،
_c1986.
300 _a44ص
650 1 7 _aأشجار الفاكهة
650 1 7 _aالمشاتل
650 1 7 _aفلسطين
942 _2ddc
_cBK
999 _c24987
_d24987